[Event "UTD GM Invitational"]
[Site "Richardson USA"]
[Date "2012.03.16"]
[Round "10"]
[White "Chirila, I."]
[Black "Kacheishvili, G."]
[Result "1/2-1/2"]
[WhiteElo "2539"]
[BlackElo "2612"]
[PlyCount "124"]
[EventDate "2012.03.10"]
[WhiteTeam "UT Dallas Team"]
[BlackTeam "Grandmaster Team"]

1. d4 Nf6 2. c4 e6 3. Nf3 d5 4. Nc3 Bb4 5. Bg5 O-O 6. cxd5 exd5 7. Rc1 Nbd7 8.
e3 h6 9. Bxf6 Nxf6 10. a3 Bd6 11. Nb5 Ne8 12. Qc2 c6 13. Nxd6 Nxd6 14. Bd3 Qf6
15. O-O Bf5 16. Nd2 Rfe8 17. b4 Bxd3 18. Qxd3 Re7 19. a4 a6 20. Rc3 h5 21. Rfc1
h4 22. h3 Rae8 23. Rb3 Qg5 24. Nf3 Qh6 25. Ne5 f6 26. Ng4 Qg5 27. Kh2 Re6 28.
Rf1 Qh5 29. f4 Nc4 30. Rf3 Kf8 31. b5 cxb5 32. axb5 a5 33. b6 Qf7 34. Ne5 Nxe5
35. fxe5 Kg8 36. Qb5 Ra8 37. Ra3 Qe7 38. Qxd5 fxe5 39. dxe5 Kh8 40. Rxa5 Rxa5
41. Qxa5 Rxe5 42. Qc3 Re6 43. Qc7 Rxe3 44. Rxe3 Qxe3 45. Qd8+ Kh7 46. Qxh4+ Kg8
47. Qc4+ Kh7 48. Qc2+ Kh6 49. Qc7 Qe4 50. Kg3 Qe3+ 51. Kh2 Qe4 52. Qc5 g5 53.
Qd6+ Kg7 54. Kg3 Kf7 55. Kf2 Kg7 56. g3 Qf5+ 57. Ke3 Qxh3 58. Qe7+ Kg6 59. Qxb7
Qxg3+ 60. Kd4 Qd6+ 61. Kc4 Qf4+ 62. Kc5 Qf2+ 1/2-1/2

[Event "UTD GM Invitational"]
[Site "Richardson USA"]
[Date "2012.03.11"]
[Round "2"]
[White "Chirila, I."]
[Black "Lenderman, A."]
[Result "1/2-1/2"]
[WhiteElo "2539"]
[BlackElo "2581"]
[PlyCount "69"]
[EventDate "2012.03.10"]
[WhiteTeam "UT Dallas Team"]
[BlackTeam "Grandmaster Team"]

1. d4 d5 2. c4 c6 3. Nf3 Nf6 4. Nbd2 g6 5. g3 Bg7 6. Bg2 O-O 7. O-O Nbd7 8. b3
b6 9. Bb2 Bb7 10. Qc2 c5 11. Rac1 dxc4 12. Nxc4 cxd4 13. Bxd4 b5 14. Ne3 Rc8
15. Qb2 Qa5 16. Rc3 Rxc3 17. Bxc3 Qc7 18. Bd4 Rc8 19. Ne5 Bxg2 20. Kxg2 Nf8 21.
Nf3 Ne6 22. Be5 Qc5 23. Rd1 a5 24. Rd2 Qc1 25. Qxc1 Rxc1 26. Bxf6 Bxf6 27. Nd5
b4 28. Nxf6+ exf6 29. Rd5 Nc5 30. Nd4 a4 31. Rd8+ Kg7 32. Rb8 Ra1 33. Rb5 Ne6
34. Rxb4 a3 35. Nxe6+ 1/2-1/2

[Event "UTD GM Invitational"]
[Site "Richardson USA"]
[Date "2012.03.14"]
[Round "6"]
[White "Chirila, I."]
[Black "Robson, R."]
[Result "0-1"]
[WhiteElo "2539"]
[BlackElo "2606"]
[PlyCount "84"]
[EventDate "2012.03.10"]
[WhiteTeam "UT Dallas Team"]
[BlackTeam "Grandmaster Team"]

1. d4 Nf6 2. c4 g6 3. Nc3 d5 4. Nf3 Bg7 5. Bg5 Ne4 6. Bh4 Nxc3 7. bxc3 dxc4 8.
Qa4+ Qd7 9. Qxc4 b6 10. e3 Ba6 11. Qb3 Bxf1 12. Kxf1 O-O 13. Ke2 Nc6 14. Rhd1
Na5 15. Qb4 e6 16. Rac1 Rfc8 17. c4 c5 18. Qb5 Qb7 19. d5 exd5 20. cxd5 c4 21.
d6 Rc5 22. Qb1 f6 23. Bg3 Qd7 24. e4 Re8 25. Kf1 f5 26. exf5 Rb5 27. Qc2 Rb2
28. fxg6 Rxc2 29. gxh7+ Kxh7 30. Rxc2 c3 31. Rcc1 Nc4 32. h3 b5 33. Kg1 b4 34.
Nd4 Nd2 35. Nb3 Nxb3 36. axb3 Be5 37. Kh2 Bxg3+ 38. fxg3 Re6 39. Rd4 a5 40.
Rcd1 c2 41. Rc1 Rxd6 42. Rh4+ Rh6 0-1

[Event "UTD GM Invitational"]
[Site "Richardson USA"]
[Date "2012.03.12"]
[Round "4"]
[White "Holt, C."]
[Black "Lenderman, A."]
[Result "1-0"]
[WhiteElo "2499"]
[BlackElo "2581"]
[PlyCount "63"]
[EventDate "2012.03.10"]
[WhiteTeam "UT Dallas Team"]
[BlackTeam "Grandmaster Team"]

1. d4 Nf6 2. c4 e6 3. Nc3 Bb4 4. Qc2 O-O 5. e4 d5 6. e5 Ne4 7. Bd3 c5 8. Nf3
cxd4 9. Nxd4 Nd7 10. Bf4 Ndc5 11. O-O Bxc3 12. bxc3 Bd7 13. Be2 Na4 14. cxd5
exd5 15. c4 Rc8 16. Rfe1 b5 17. f3 Nec3 18. Bd3 Rxc4 19. e6 fxe6 20. Be5 Qh4
21. Bxc4 dxc4 22. Nxb5 Bxb5 23. Bxc3 Rd8 24. Rab1 Rd3 25. Qe2 Nxc3 26. Qxe6+
Kf8 27. Rxb5 Qxe1+ 28. Qxe1 Nxb5 29. Qe4 Nd4 30. Qf4+ Ke8 31. Qe5+ Kf8 32. Qc5+
1-0

[Event "UTD GM Invitational"]
[Site "Richardson USA"]
[Date "2012.03.14"]
[Round "6"]
[White "Holt, C."]
[Black "Leon Hoyos, M."]
[Result "1-0"]
[WhiteElo "2499"]
[BlackElo "2569"]
[PlyCount "297"]
[EventDate "2012.03.10"]
[WhiteTeam "UT Dallas Team"]
[BlackTeam "Grandmaster Team"]

1. d4 Nf6 2. c4 c5 3. d5 b5 4. cxb5 a6 5. bxa6 g6 6. Nc3 Bxa6 7. e4 Bxf1 8.
Kxf1 d6 9. g3 Bg7 10. Kg2 O-O 11. Nf3 Nbd7 12. Re1 Ng4 13. Qe2 Qa5 14. Ng5 Ngf6
15. Bd2 Rfb8 16. b3 Ne8 17. Na4 Qa6 18. Rac1 Ne5 19. Qxa6 Rxa6 20. Re3 Nc7 21.
Bc3 Nb5 22. Bxe5 Bxe5 23. f4 Bd4 24. Re2 Nc7 25. Nf3 Bg7 26. Rc4 Ra5 27. Rd2
Nb5 28. Rc1 Nc7 29. Rd3 Na6 30. Rc4 Nc7 31. e5 Nb5 32. Re4 Bf8 33. g4 Na3 34.
Nd2 Nc2 35. Nc4 Ra7 36. Rd2 Nb4 37. Ree2 Bh6 38. Kf3 Nxa2 39. Rxa2 Rxb3+ 40.
Ne3 Rb4 41. g5 dxe5 42. fxe5 Bxg5 43. Nxc5 Rf4+ 44. Kg3 Rxa2 45. Rxa2 Rd4 46.
Kf3 Bxe3 47. Kxe3 Rxd5 48. Nd3 g5 49. Ke4 Rb5 50. Ra7 e6 51. Nf2 Rb4+ 52. Kf3
Kg7 53. Ng4 h5 54. Nf2 Rb3+ 55. Ke2 Rb2+ 56. Ke3 Kg6 57. Kf3 Rb3+ 58. Ke4 Rb2
59. Ke3 Rb4 60. Nd3 Rh4 61. Ra2 Rh3+ 62. Ke4 Rh4+ 63. Ke3 Rh3+ 64. Kd4 Rh4+ 65.
Kc3 Re4 66. Rf2 Kg7 67. Kd2 Ra4 68. Ke3 Rc4 69. Kf3 Rd4 70. Ne1 Kg6 71. Ke3 Ra4
72. Nf3 Kf5 73. Ne1+ Kg6 74. Nc2 Ra5 75. Ke4 Ra2 76. Rg2 Kh6 77. Re2 Kg6 78.
Nd4 Ra1 79. Rg2 Re1+ 80. Ne2 Kh6 81. Rf2 Kg6 82. Ke3 h4 83. Rf6+ Kg7 84. Rf3
Ra1 85. Nc3 Re1+ 86. Kd4 Kg6 87. Rf6+ Kg7 88. Rf2 Kg6 89. Ne2 Rb1 90. Ke3 Rb3+
91. Ke4 Rb1 92. Rf6+ Kg7 93. Rf2 Kg6 94. Nd4 Re1+ 95. Re2 Rg1 96. Nf3 Rg4+ 97.
Ke3 Ra4 98. Nd4 Ra3+ 99. Ke4 Ra1 100. Nc6 Ra4+ 101. Ke3 Ra3+ 102. Kf2 g4 103.
Kg1 Ra1+ 104. Kg2 h3+ 105. Kf2 Kg5 106. Rd2 Rh1 107. Ke3 Kh4 108. Nd4 Re1+ 109.
Re2 Ra1 110. Rf2 Re1+ 111. Ne2 Rh1 112. Kf4 Rd1 113. Nc3 Rg1 114. Ne4 Ra1 115.
Rc2 Rf1+ 116. Rf2 Ra1 117. Rb2 Rf1+ 118. Ke3 Re1+ 119. Re2 Ra1 120. Rd2 Re1+
121. Kd4 Rf1 122. Kc5 Re1 123. Kd4 Rf1 124. Ra2 Rd1+ 125. Ke3 Re1+ 126. Kd3
Rd1+ 127. Rd2 Rf1 128. Kd4 Ra1 129. Rf2 Rd1+ 130. Ke3 Re1+ 131. Kf4 Rd1 132.
Ke3 Re1+ 133. Kd3 Rd1+ 134. Ke2 Rh1 135. Rxf7 Rxh2+ 136. Ke3 Kh5 137. Rh7+ Kg6
138. Rh4 Rg2 139. Kf4 h2 140. Ng3 Kf7 141. Kxg4 Rf2 142. Kg5 Ke8 143. Rh7 Kd8
144. Kg4 Kc8 145. Ne4 Ra2 146. Kf4 Kb8 147. Nc5 Rf2+ 148. Ke3 Rf5 149. Ke4 1-0

[Event "UTD GM Invitational"]
[Site "Richardson USA"]
[Date "2012.03.16"]
[Round "10"]
[White "Holt, C."]
[Black "Panchanathan, M."]
[Result "0-1"]
[WhiteElo "2499"]
[BlackElo "2557"]
[PlyCount "76"]
[EventDate "2012.03.10"]
[WhiteTeam "UT Dallas Team"]
[BlackTeam "Grandmaster Team"]

1. d4 Nf6 2. c4 e6 3. Nc3 Bb4 4. Qc2 O-O 5. e4 d6 6. Bd3 Nc6 7. Nf3 e5 8. d5
Ne7 9. O-O Nd7 10. Na4 a5 11. Be3 Ng6 12. a3 Bc5 13. Bg5 Qe8 14. Rfb1 Bd4 15.
Bd2 Nf6 16. Nxd4 exd4 17. f4 Ng4 18. Re1 Bd7 19. b3 Qd8 20. g3 f5 21. exf5 Nh4
22. Qd1 Nh6 23. gxh4 Qxh4 24. Qf3 Nxf5 25. Re2 Qh6 26. Bxf5 Rxf5 27. Rae1 Raf8
28. Nb2 Rh5 29. f5 g5 30. Re6 Bxe6 31. dxe6 Rxh2 32. e7 Rxd2 33. Qd5+ Kg7 34.
exf8=Q+ Kxf8 35. Nd1 Qh2+ 36. Kf1 Qh3+ 37. Kg1 Qg3+ 38. Kh1 Qh2# 0-1

[Event "UTD GM Invitational"]
[Site "Richardson USA"]
[Date "2012.03.11"]
[Round "2"]
[White "Holt, Conrad"]
[Black "Kacheishvili, G."]
[Result "0-1"]
[WhiteElo "2499"]
[BlackElo "2612"]
[PlyCount "90"]
[EventDate "2012.03.10"]
[WhiteTeam "UT Dallas Team"]
[BlackTeam "Grandmaster Team"]

1. d4 Nf6 2. c4 e6 3. Nc3 Bb4 4. Qc2 O-O 5. e4 d5 6. e5 Ne4 7. Bd3 c5 8. Nf3
cxd4 9. Nxd4 Nd7 10. Bf4 Ndc5 11. O-O Bxc3 12. bxc3 Bd7 13. Be2 Na4 14. cxd5
exd5 15. Bd3 Nac5 16. Rac1 Rc8 17. f3 Nxd3 18. Qxd3 Nc5 19. Qe3 Re8 20. Rfd1
Qe7 21. Nb3 Ba4 22. Rb1 f6 23. Rxd5 Nxb3 24. axb3 Bc6 25. Rdd1 fxe5 26. Bg5 Qf7
27. Rd6 a5 28. c4 a4 29. bxa4 Qxc4 30. a5 Ra8 31. Ra1 Qb5 32. Qd2 e4 33. fxe4
Rxe4 34. h3 Rae8 35. Rd8 Re2 36. Rxe8+ Bxe8 37. Qd4 h6 38. Be3 Bc6 39. Bf2 Qg5
40. Qg4 Qe5 41. Rd1 Kh7 42. Bd4 h5 43. Bxe5 hxg4 44. Bc7 Rxg2+ 45. Kf1 gxh3 0-1

[Event "UTD GM Invitational"]
[Site "Richardson USA"]
[Date "2012.03.14"]
[Round "6"]
[White "Iotov, V."]
[Black "Kacheishvili, G."]
[Result "1-0"]
[WhiteElo "2560"]
[BlackElo "2612"]
[PlyCount "45"]
[EventDate "2012.03.10"]
[WhiteTeam "UT Dallas Team"]
[BlackTeam "Grandmaster Team"]

1. d4 Nf6 2. c4 e6 3. Nf3 d5 4. Nc3 Bb4 5. Qa4+ Nc6 6. Bg5 h6 7. Bxf6 Qxf6 8.
e3 O-O 9. Be2 dxc4 10. O-O Bd7 11. Bxc4 Qe7 12. Qc2 Rac8 13. a3 Bd6 14. b4 e5
15. Nd5 Qd8 16. b5 e4 17. bxc6 exf3 18. cxd7 Bxh2+ 19. Kh1 fxg2+ 20. Kxg2 Qg5+
21. Kh1 Bd6 22. dxc8=Q Qh5+ 23. Kg2 1-0

[Event "UTD GM Invitational"]
[Site "Richardson USA"]
[Date "2012.03.12"]
[Round "4"]
[White "Iotov, V."]
[Black "Panchanathan, M."]
[Result "1/2-1/2"]
[WhiteElo "2560"]
[BlackElo "2557"]
[PlyCount "65"]
[EventDate "2012.03.10"]
[WhiteTeam "UT Dallas Team"]
[BlackTeam "Grandmaster Team"]

1. d4 Nf6 2. c4 e6 3. Nf3 b6 4. g3 Ba6 5. Qc2 d5 6. cxd5 exd5 7. Bg2 Bb4+ 8.
Nc3 O-O 9. O-O Bxc3 10. bxc3 Nbd7 11. Ne5 Re8 12. c4 Nxe5 13. dxe5 Rxe5 14. Bf4
Re7 15. cxd5 Qe8 16. d6 Rxe2 17. Qxc7 Rd8 18. Qxa7 Bc4 19. Qxb6 Nd5 20. Qd4
Nxf4 21. Qxf4 Qe6 22. a4 Rxd6 23. a5 g6 24. Rfc1 Ba6 25. Bf1 Re5 26. Bxa6 Rxa6
27. Qb4 Qf5 28. Qb8+ Kg7 29. Qb2 Qf6 30. Qc3 Rf5 31. Qd2 Rd6 32. Qe2 Ra6 33.
Qd2 1/2-1/2

[Event "UTD GM Invitational"]
[Site "Richardson USA"]
[Date "2012.03.11"]
[Round "2"]
[White "Iotov, V."]
[Black "Robson, R."]
[Result "1/2-1/2"]
[WhiteElo "2560"]
[BlackElo "2606"]
[PlyCount "49"]
[EventDate "2012.03.10"]
[WhiteTeam "UT Dallas Team"]
[BlackTeam "Grandmaster Team"]

1. d4 Nf6 2. c4 g6 3. Nc3 d5 4. Bg5 Bg7 5. e3 c5 6. Nf3 cxd4 7. exd4 O-O 8.
Bxf6 Bxf6 9. cxd5 Qb6 10. Qd2 Rd8 11. Bc4 Bg4 12. Ne5 Bxe5 13. dxe5 Nc6 14. O-O
Nxe5 15. Bb3 Bf5 16. Rae1 Qd6 17. Ne4 Bxe4 18. Rxe4 f5 19. Re2 Ng4 20. g3 e5
21. dxe6 Qxd2 22. e7+ Kg7 23. e8=Q Rxe8 24. Rxd2 Rad8 25. Rfd1 1/2-1/2

[Event "UTD GM Invitational"]
[Site "Richardson USA"]
[Date "2012.03.12"]
[Round "5"]
[White "Kacheishvili, G."]
[Black "Chirila, I."]
[Result "1-0"]
[WhiteElo "2612"]
[BlackElo "2539"]
[PlyCount "81"]
[EventDate "2012.03.10"]
[WhiteTeam "Grandmaster Team"]
[BlackTeam "UT Dallas Team"]

1. d4 Nf6 2. c4 c5 3. d5 e6 4. Nc3 exd5 5. cxd5 d6 6. Nf3 g6 7. Bf4 a6 8. a4
Bg7 9. h3 O-O 10. e3 Re8 11. Nd2 Nbd7 12. Nc4 Ne4 13. Nxe4 Rxe4 14. Bd3 Rxc4
15. Bxc4 Nb6 16. Be2 Bxb2 17. Ra2 Bc3+ 18. Kf1 Bf5 19. f3 Bb4 20. g4 Bd7 21. e4
a5 22. Qa1 c4 23. Be3 c3 24. Kg2 Rc8 25. Rc1 Nc4 26. Bd4 Nb2 27. Ra3 Bxa3 28.
Qxa3 Nxa4 29. Qxd6 b5 30. h4 b4 31. h5 Be8 32. Qf4 Qe7 33. Bf6 Qf8 34. Ba6 Ra8
35. Bb7 Ra7 36. Bd4 f6 37. Bxa7 b3 38. hxg6 hxg6 39. Bd4 b2 40. Rh1 c2 41. Qc7
1-0

[Event "UTD GM Invitational"]
[Site "Richardson USA"]
[Date "2012.03.11"]
[Round "3"]
[White "Kacheishvili, G."]
[Black "Pavlovic, MilosM"]
[Result "1-0"]
[WhiteElo "2612"]
[BlackElo "2478"]
[PlyCount "47"]
[EventDate "2012.03.10"]
[WhiteTeam "Grandmaster Team"]
[BlackTeam "UT Dallas Team"]

1. Nf3 Nf6 2. c4 g6 3. Nc3 d5 4. cxd5 Nxd5 5. Qc2 Nc6 6. d4 Bg7 7. e4 Nxc3 8.
bxc3 O-O 9. Be2 e5 10. d5 Na5 11. Ba3 Re8 12. c4 b6 13. c5 c6 14. d6 Nb7 15.
O-O Nxc5 16. Bxc5 bxc5 17. Rfd1 Bd7 18. Nd2 Bf8 19. Qxc5 Qb6 20. Qa3 Be6 21.
Nc4 Bxc4 22. Bxc4 Red8 23. Bxf7+ Kg7 24. Be6 1-0

[Event "UTD GM Invitational"]
[Site "Richardson USA"]
[Date "2012.03.15"]
[Round "9"]
[White "Kacheishvili, G."]
[Black "Sadorra, J."]
[Result "1-0"]
[WhiteElo "2612"]
[BlackElo "2525"]
[PlyCount "69"]
[EventDate "2012.03.10"]
[WhiteTeam "Grandmaster Team"]
[BlackTeam "UT Dallas Team"]

1. d4 Nf6 2. c4 e6 3. Nc3 d5 4. Bg5 Be7 5. e3 O-O 6. Nf3 h6 7. Bh4 b6 8. Bd3
Bb7 9. O-O Nbd7 10. Qe2 Ne4 11. Bg3 c5 12. cxd5 exd5 13. Rac1 a6 14. dxc5 Nxg3
15. hxg3 bxc5 16. Rfd1 Bf6 17. Bf5 d4 18. Na4 Bxf3 19. gxf3 Re8 20. Bxd7 Qxd7
21. Nb6 Qh3 22. Nxa8 dxe3 23. Nc7 Re5 24. Rd5 exf2+ 25. Qxf2 Rg5 26. g4 Rxd5
27. Nxd5 Bd4 28. Ne3 h5 29. gxh5 f5 30. Rc4 f4 31. Rxd4 cxd4 32. Nc2 d3 33. Ne1
Qxh5 34. Qd2 Qd5 35. b3 1-0

[Event "UTD GM Invitational"]
[Site "Richardson USA"]
[Date "2012.03.15"]
[Round "9"]
[White "Lenderman, A."]
[Black "Holt, C."]
[Result "1/2-1/2"]
[WhiteElo "2581"]
[BlackElo "2499"]
[PlyCount "95"]
[EventDate "2012.03.10"]
[WhiteTeam "Grandmaster Team"]
[BlackTeam "UT Dallas Team"]

1. d4 d5 2. c4 c6 3. Nf3 Nf6 4. Nc3 dxc4 5. a4 Bf5 6. Ne5 Nbd7 7. Nxc4 Nb6 8.
Ne5 a5 9. g3 e6 10. Bg2 Bb4 11. O-O O-O 12. e3 h6 13. Qe2 Bh7 14. Rd1 Qe7 15.
Nd3 Rfd8 16. e4 Rxd4 17. Be3 e5 18. Bxd4 exd4 19. Nb1 Re8 20. Nd2 Nbd5 21. Rac1
Bxd2 22. Qxd2 Bxe4 23. Qxa5 Bxg2 24. Kxg2 Qe2 25. Kg1 Ne4 26. Qe1 Qf3 27. Qf1
Re6 28. Rc2 h5 29. h4 Rg6 30. Qe2 Qf5 31. Kh2 Ne3 32. fxe3 Rxg3 33. Nf4 Rxe3
34. Qf1 Ng3 35. Qf2 Ne4 36. Qf1 Qg4 37. Rg2 Qxh4+ 38. Kg1 Ng3 39. Rxg3 Qxg3+
40. Ng2 d3 41. Qf4 Rf3 42. Qxg3 Rxg3 43. Kf2 Rh3 44. Ne3 Rh2+ 45. Ng2 Rh3 46.
Ne3 Rh2+ 47. Ng2 Rh3 48. Ne3 1/2-1/2

[Event "UTD GM Invitational"]
[Site "Richardson USA"]
[Date "2012.03.12"]
[Round "5"]
[White "Lenderman, A."]
[Black "Pavlovic, MilosM"]
[Result "1-0"]
[WhiteElo "2581"]
[BlackElo "2478"]
[PlyCount "81"]
[EventDate "2012.03.10"]
[WhiteTeam "Grandmaster Team"]
[BlackTeam "UT Dallas Team"]

1. Nf3 Nf6 2. c4 e6 3. Nc3 d5 4. d4 Bb4 5. cxd5 exd5 6. Qa4+ Nc6 7. Bg5 h6 8.
Bxf6 Qxf6 9. e3 O-O 10. Be2 Rd8 11. O-O Bf8 12. Rfc1 Ne7 13. b4 a6 14. Qb3 c6
15. a4 Be6 16. Ne5 Ng6 17. Nd3 Qg5 18. Nb1 Bh3 19. g3 Re8 20. Qb2 h5 21. Nd2 h4
22. Nf3 Qf5 23. b5 axb5 24. axb5 Rxa1 25. Qxa1 Bg4 26. Nde1 cxb5 27. Bxb5 Rc8
28. Bd3 Rxc1 29. Qxc1 Qf6 30. Qd1 Qc6 31. Qb1 Qf6 32. Bxg6 Qxg6 33. Qxb7 hxg3
34. hxg3 Qd6 35. Ne5 Be6 36. N1d3 f6 37. Ng6 Bf5 38. Ndf4 Be4 39. Qc8 Kf7 40.
Nxf8 Qxf8 41. Qe6# 1-0

[Event "UTD GM Invitational"]
[Site "Richardson USA"]
[Date "2012.03.10"]
[Round "1"]
[White "Lenderman, A."]
[Black "Sadorra, J."]
[Result "1-0"]
[WhiteElo "2581"]
[BlackElo "2525"]
[PlyCount "69"]
[EventDate "2012.03.10"]
[WhiteTeam "Grandmaster Team"]
[BlackTeam "UT Dallas Team"]

1. d4 d5 2. c4 e6 3. Nf3 Nf6 4. g3 dxc4 5. Bg2 Bb4+ 6. Bd2 c5 7. Bxb4 cxb4 8.
Ne5 O-O 9. Nxc4 Nc6 10. e3 e5 11. d5 b5 12. dxc6 Qxd1+ 13. Kxd1 bxc4 14. Nd2
Bg4+ 15. Ke1 c3 16. bxc3 bxc3 17. Nc4 e4 18. Nd6 Rad8 19. Nxe4 Nxe4 20. Bxe4 f5
21. Bg2 Rd2 22. h3 Bh5 23. Rc1 f4 24. g4 fxe3 25. gxh5 exf2+ 26. Kf1 c2 27. c7
Rc8 28. Bf3 Rxc7 29. Kg2 Re7 30. Kg3 Re5 31. Rhf1 g6 32. Rxf2 Rg5+ 33. Bg4 Rd1
34. Rcxc2 gxh5 35. Kh4 1-0

[Event "UTD GM Invitational"]
[Site "Richardson USA"]
[Date "2012.03.15"]
[Round "9"]
[White "Leon Hoyos, M."]
[Black "Chirila, I."]
[Result "1-0"]
[WhiteElo "2569"]
[BlackElo "2539"]
[PlyCount "81"]
[EventDate "2012.03.10"]
[WhiteTeam "Grandmaster Team"]
[BlackTeam "UT Dallas Team"]

1. c4 e5 2. g3 Nc6 3. Nc3 g6 4. Bg2 Bg7 5. e4 Nge7 6. Nge2 d6 7. O-O O-O 8. d3
Be6 9. Nd5 Qd7 10. Bg5 f6 11. Be3 f5 12. Qd2 Rf7 13. Rac1 Re8 14. b4 b6 15. b5
Nd8 16. Bg5 Nc8 17. exf5 Bxf5 18. Bxd8 Rxd8 19. Nec3 Bh3 20. Ne4 Bxg2 21. Kxg2
Ne7 22. Nxe7+ Qxe7 23. Nc3 h5 24. Qe2 Rf5 25. Nd5 Qf7 26. f3 Rc8 27. Qe4 Rf8
28. Rce1 Bh6 29. d4 Kh7 30. Qd3 Bg7 31. dxe5 Rxe5 32. f4 Rf5 33. Rf3 Re8 34.
Rxe8 Qxe8 35. Nxc7 Qd7 36. Nd5 h4 37. Ne3 Rc5 38. f5 Qf7 39. Nd5 hxg3 40. hxg3
Be5 41. Qe4 1-0

[Event "UTD GM Invitational"]
[Site "Richardson USA"]
[Date "2012.03.12"]
[Round "5"]
[White "Leon Hoyos, M."]
[Black "Iotov, V."]
[Result "1/2-1/2"]
[WhiteElo "2569"]
[BlackElo "2560"]
[PlyCount "20"]
[EventDate "2012.03.10"]
[WhiteTeam "Grandmaster Team"]
[BlackTeam "UT Dallas Team"]

1. Nf3 Nf6 2. g3 d5 3. Bg2 c6 4. O-O Bg4 5. d3 e6 6. Nbd2 Be7 7. h3 Bxf3 8.
Nxf3 Nbd7 9. c4 O-O 10. Be3 a5 1/2-1/2

[Event "UTD GM Invitational"]
[Site "Richardson USA"]
[Date "2012.03.14"]
[Round "7"]
[White "Leon Hoyos, M."]
[Black "Pavlovic, MilosM"]
[Result "0-1"]
[WhiteElo "2569"]
[BlackElo "2478"]
[PlyCount "98"]
[EventDate "2012.03.10"]
[WhiteTeam "Grandmaster Team"]
[BlackTeam "UT Dallas Team"]

1. e4 c5 2. Nf3 d6 3. d4 cxd4 4. Nxd4 Nf6 5. Nc3 Nc6 6. Bg5 e6 7. Qd2 a6 8.
O-O-O Bd7 9. f3 Be7 10. h4 h6 11. Be3 h5 12. Bg5 Rc8 13. f4 Qc7 14. Nf3 b5 15.
e5 dxe5 16. fxe5 b4 17. exf6 bxc3 18. Qxc3 gxf6 19. Kb1 Nb4 20. Qxc7 Rxc7 21.
Bf4 Rb7 22. Be2 e5 23. Bd2 Rg8 24. Ne1 Bg4 25. Bf3 Rd7 26. a3 Nc6 27. Bxc6 Bxd1
28. Rh3 Be2 29. Nd3 Kd8 30. Ba5+ Kc8 31. Nb4 Bxb4 32. axb4 Bb5 33. Bxd7+ Kxd7
34. Rf3 Ke6 35. g3 f5 36. Bb6 Rg4 37. Bc5 f4 38. gxf4 exf4 39. Bf2 Kf5 40. Rc3
Rg2 41. Bb6 Rg6 42. Bf2 Ke4 43. Rc7 f5 44. c4 Bc6 45. Kc1 Kf3 46. Be1 Ke2 47.
Bc3 Rg1+ 48. Kc2 Be4+ 49. Kb3 f3 0-1

[Event "UTD GM Invitational"]
[Site "Richardson USA"]
[Date "2012.03.11"]
[Round "3"]
[White "Leon Hoyos, M."]
[Black "Sadorra, J."]
[Result "1/2-1/2"]
[WhiteElo "2569"]
[BlackElo "2525"]
[PlyCount "48"]
[EventDate "2012.03.10"]
[WhiteTeam "Grandmaster Team"]
[BlackTeam "UT Dallas Team"]

1. c4 Nf6 2. g3 c6 3. Bg2 d5 4. Nf3 dxc4 5. O-O Nbd7 6. Na3 Nb6 7. Qc2 Qd5 8.
b3 cxb3 9. axb3 Be6 10. Bb2 Qxb3 11. Qc1 Bd5 12. d3 Bxf3 13. Bxf3 Qe6 14. Nc2
Qc8 15. Nd4 e5 16. Nxc6 e4 17. dxe4 Qxc6 18. Qb1 Be7 19. e5 Nfd5 20. Bd4 O-O
21. Bxb6 axb6 22. Rxa8 Rxa8 23. Qb3 Ra5 24. Rd1 Qc3 1/2-1/2

[Event "UTD GM Invitational"]
[Site "Richardson USA"]
[Date "2012.03.12"]
[Round "5"]
[White "Panchanathan, M."]
[Black "Holt, C."]
[Result "1-0"]
[WhiteElo "2557"]
[BlackElo "2499"]
[PlyCount "113"]
[EventDate "2012.03.10"]
[WhiteTeam "Grandmaster Team"]
[BlackTeam "UT Dallas Team"]

1. d4 d5 2. c4 c6 3. Nf3 Nf6 4. e3 Bf5 5. Nc3 e6 6. Nh4 Be4 7. Qb3 Qb6 8. Nf3
Na6 9. Nxe4 Nxe4 10. Bd3 Nb4 11. Bb1 dxc4 12. Qxc4 Nd6 13. Qe2 Qa6 14. Bd2
Qxe2+ 15. Kxe2 Nc4 16. Bc3 Nd5 17. Bd3 Ncb6 18. Rhc1 Na4 19. Kd2 Bd6 20. Ng5
Be7 21. Ne4 O-O 22. Bc2 Nab6 23. Ke2 Rfc8 24. Be1 Bb4 25. Nd2 c5 26. dxc5 Rxc5
27. Bb3 Rac8 28. Rxc5 Rxc5 29. a3 Bxd2 30. Bxd2 Rb5 31. Bxd5 Rxd5 32. Rc1 f5
33. e4 fxe4 34. Be3 Rd7 35. Bxb6 axb6 36. Rc4 Kf7 37. Rxe4 Kf6 38. Rb4 Rd6 39.
Rb5 e5 40. Ke3 Ke6 41. h4 g6 42. g4 Kf6 43. f3 h6 44. a4 Ke6 45. b3 Kf6 46. b4
Ke6 47. a5 bxa5 48. bxa5 Ra6 49. Ke4 Kf6 50. Kd5 Ra7 51. Kc5 e4 52. fxe4 Ra8
53. Kb6 Re8 54. e5+ Ke6 55. Kxb7 h5 56. gxh5 gxh5 57. a6 1-0

[Event "UTD GM Invitational"]
[Site "Richardson USA"]
[Date "2012.03.15"]
[Round "9"]
[White "Panchanathan, M."]
[Black "Iotov, V."]
[Result "1/2-1/2"]
[WhiteElo "2557"]
[BlackElo "2560"]
[PlyCount "117"]
[EventDate "2012.03.10"]
[WhiteTeam "Grandmaster Team"]
[BlackTeam "UT Dallas Team"]

1. Nf3 Nf6 2. b3 d5 3. Bb2 Bg4 4. c4 e6 5. h3 Bxf3 6. gxf3 c5 7. e3 Nc6 8. cxd5
exd5 9. Rg1 g6 10. Qc2 Qe7 11. Bb5 Bg7 12. Bxc6+ bxc6 13. Nc3 O-O 14. Na4 Nd7
15. Bxg7 Kxg7 16. Rc1 Ne5 17. Ke2 c4 18. bxc4 d4 19. Qb2 c5 20. Nxc5 Qxc5 21.
Qxd4 Qxd4 22. exd4 Nc6 23. d5 Rfe8+ 24. Kd3 Ne5+ 25. Kc3 Rac8 26. d3 Nxf3 27.
Rg3 Nh4 28. Re3 Red8 29. Kd2 Nf5 30. Ree1 Kf6 31. Rb1 Rc7 32. Rb4 g5 33. Ra4 h5
34. Ra6+ Rd6 35. Rxd6+ Nxd6 36. Kc3 Kf5 37. Kd4 Kf4 38. a4 Nf5+ 39. Kc3 g4 40.
hxg4 hxg4 41. d4 Kf3 42. Re5 Nd6 43. c5 Kxf2 44. Kd3 Nc8 45. Re2+ Kf3 46. Re3+
Kg2 47. Re8 g3 48. d6 Nxd6 49. cxd6 Rd7 50. Re7 Rxd6 51. Rxf7 Ra6 52. d5 Kg1
53. Kc3 Rxa4 54. d6 Ra1 55. Rb7 Rd1 56. d7 Kh2 57. Rb2+ g2 58. Rd2 Rxd2 59.
Kxd2 1/2-1/2

[Event "UTD GM Invitational"]
[Site "Richardson USA"]
[Date "2012.03.10"]
[Round "1"]
[White "Panchanathan, M."]
[Black "Pavlovic, MilosM"]
[Result "1/2-1/2"]
[WhiteElo "2557"]
[BlackElo "2478"]
[PlyCount "61"]
[EventDate "2012.03.10"]
[WhiteTeam "Grandmaster Team"]
[BlackTeam "UT Dallas Team"]

1. c4 Nf6 2. Nf3 e6 3. g3 d5 4. d4 dxc4 5. Qa4+ c6 6. Qxc4 b5 7. Qd3 Bb7 8. Bg2
Nbd7 9. O-O a6 10. a4 c5 11. axb5 Be4 12. Qc3 axb5 13. b3 b4 14. Qb2 cxd4 15.
Nbd2 Bd5 16. Nxd4 Bxg2 17. Kxg2 Bc5 18. Nc4 O-O 19. Bg5 Nb6 20. Rfd1 Qd5+ 21.
Nf3 Nxc4 22. bxc4 Qf5 23. Bxf6 Qxf6 24. Qxf6 gxf6 25. Nd2 Ra3 26. Ne4 Be7 27.
Rab1 f5 28. Nd6 Bxd6 29. Rxd6 Rb8 30. c5 Rc3 31. Rb6 1/2-1/2

[Event "UTD GM Invitational"]
[Site "Richardson USA"]
[Date "2012.03.14"]
[Round "7"]
[White "Panchanathan, M."]
[Black "Sadorra, J."]
[Result "1/2-1/2"]
[WhiteElo "2557"]
[BlackElo "2525"]
[PlyCount "129"]
[EventDate "2012.03.10"]
[WhiteTeam "Grandmaster Team"]
[BlackTeam "UT Dallas Team"]

1. c4 Nf6 2. Nf3 g6 3. b3 Bg7 4. Bb2 O-O 5. g3 d6 6. Bg2 e5 7. O-O Nc6 8. Nc3
Bf5 9. h3 Qd7 10. g4 Be6 11. Ng5 h5 12. Nxe6 Qxe6 13. gxh5 Nxh5 14. e3 Kh7 15.
Ne4 Bh6 16. d4 Qe7 17. dxe5 Nxe5 18. c5 dxc5 19. Qd5 Rfe8 20. Qxc5 f5 21. Qxe7+
Rxe7 22. Nc5 f4 23. Bxb7 Rae8 24. exf4 Nxf4 25. Bg2 Ned3 26. Nxd3 Nxd3 27. Bc3
Rf7 28. Rad1 Nf4 29. Kh1 Nxg2 30. Kxg2 Re2 31. Rd8 Bg7 32. Bxg7 Kxg7 33. a4 Rb2
34. Rd3 c5 35. Rc3 Rf5 36. h4 Rf4 37. Kg3 Rb4 38. Rd1 R2xb3 39. Rd7+ Kf6 40.
Rxb3 Rxb3+ 41. f3 c4 42. Rxa7 c3 43. Kf4 Rb4+ 44. Ke3 Rc4 45. Ra6+ Kg7 46. Kd3
c2 47. Kxc4 c1=Q+ 48. Kb5 Qf1+ 49. Kb6 Qxf3 50. a5 Qf6+ 51. Kb5 Qe5+ 52. Kb6
Qd4+ 53. Kb5 Qxh4 54. Rc6 Qg3 55. a6 Qb3+ 56. Kc5 Kf8 57. Rc7 Qe3+ 58. Kc6 Qe4+
59. Kb6 Ke8 60. a7 Kd8 61. Rb7 Qb4+ 62. Kc6 Qc4+ 63. Kb6 Qe6+ 64. Kb5 Qd5+ 65.
Kb6 1/2-1/2